000 01115nam a22002537a 4500
005 20240530110521.0
008 160217s2012 ua bao g 000 0 ara d
017 _a2012/1627
_bمصر . دار الكتب المصرية
020 _a9789774277267
040 _aEG-CaGPL
082 0 4 _221
_a947.56\
_bب م
100 1 _aبورنوتيان ، جورج .
245 1 0 _aموجز تاريخ الشعب الارمنى :
_bمن العصور القديمة الى العصور الحديثة /
_cتاليف جورج بورتوتيان ؛ ترجمة سحر توفيق ؛ مراجعة محمد رفعت الامام ؛ اشراف بيرج ترزيان .
250 _aط1.
260 _aالقاهرة :
_bالدار المصرية اللبنانية ،
_c2012 .
300 _a478 ص :
_bايض ؛
_c24 سم .
650 0 4 _aالايقونات .
651 0 4 _aارمينيا
_xتاريخ .
700 0 _aسحر توفيق
_eمترجم .
700 0 _aبيرج ترزيان
_eمشرف .
700 0 _aمحمد رفعت الامام
_eمقدم .
942 _2ddc
_cBK
999 _c61892
_d61892